Malé a stredné podnikanie

Gespeichert in:
Bibliographische Detailangaben
Hauptverfasser: Kováč, Milan (Verfasst von), Malega, Peter (Verfasst von), Spišáková, Emília (Verfasst von)
Format: Buch
Sprache:Slowakisch
Veröffentlicht: Košice : Technická univerzita v Košiciach, 2013
Schriftenreihe:Edícia študijnej literatúry
Schlagworte:
Tags: Tag hinzufügen
Keine Tags, Fügen Sie das erste Tag hinzu!

MARC

LEADER 00000nam a22000003a 4500
001 stu287815
005 20150617230255.0
008 140402s2013----xo------------------slo-d
020 |a 978-80-553-1597-3 
040 |a STU  |b slo 
041 0 |a slo 
044 |a xo 
080 |a 658.1 
100 1 |a Kováč, Milan  |4 aut 
245 1 |a Malé a stredné podnikanie 
260 |a Košice :  |b Technická univerzita v Košiciach,  |c 2013 
300 |a 119 s 
650 7 |a podnikanie  |2 stusub 
650 7 |a malé a stredné podnikanie  |2 stusub 
650 7 |a malé a stredné podniky  |2 stusub 
700 1 |a Malega, Peter  |4 aut 
700 1 |a Spišáková, Emília  |4 aut 
830 0 |a Edícia študijnej literatúry 
996 |b 284M085958  |c M*S-1618-1  |l MMKN  |s A  |a 24  |w stu287815_0001 
996 |b 284M085959  |c M*S-1618-2  |l MMKN  |s A  |a 24  |w stu287815_0002 
996 |b 284M085960  |c M*S-1618-3  |l MMKN  |s A  |a 24  |w stu287815_0003 
996 |b 284M085961  |c M*S-1618-4  |l MMKN  |s A  |a 24  |w stu287815_0004 
996 |b 284M085962  |c M*S-1618-5  |l MMKN  |s A  |a 24  |w stu287815_0005